Statistics for 21 Savage, Doja Cat - n.h.i.e.

Click here to take the quiz!

General Stats

  • This quiz has been taken 17 times
  • The average score is 184 of 341

Answer Stats

Answer% Correct
D
93%
a
87%
I
87%
something
87%
ain't
80%
by
80%
cool
80%
do
80%
he
80%
Hell
80%
hell
80%
it's
80%
Like
80%
like
80%
Play
80%
(play
80%
rules)
80%
rules
80%
That
80%
that
80%
would
80%
You
80%
you)
80%
you
80%
let
73%
Let
73%
never
73%
no
73%
with
73%
yeah
73%
Yeah
73%
yeah)
73%
(yeah
73%
lie
67%
nah
67%
on
67%
slide
67%
the
67%
(bitch
60%
nigga
60%
Nigga
60%
not
60%
at
53%
bitches
53%
cry
53%
I'm
53%
(21)
47%
be
47%
havin'
47%
okay)
47%
(okay)
47%
plaques
47%
truth
47%
try
47%
can't
40%
fake
40%
fuck
40%
my
40%
She
40%
These
40%
these
40%
feel
33%
get
33%
holler
33%
niggas'
33%
of
33%
they
33%
time
33%
wood
33%
cap
27%
I'd
27%
Keep
27%
man
27%
nobody
27%
one
27%
porcelain
27%
splinter
27%
streams
27%
teeth
27%
was
27%
where
27%
ass
20%
beneath
20%
born
20%
dentures
20%
don't
20%
(facts)
20%
fly
20%
free
20%
got
20%
her
20%
him
20%
his
20%
idols
20%
If
20%
New
20%
printer
20%
put
20%
sits
20%
still
20%
submissive
20%
talkin'
20%
up
20%
beef
13%
'bout
13%
buyin'
13%
cat
13%
clapped
13%
'em
13%
fishes
13%
hit
13%
Hit
13%
I'll
13%
in
13%
(money)
13%
money
13%
myself
13%
nine
13%
none
13%
petty
13%
pimple
13%
pop
13%
rent
13%
seaside
13%
start
13%
submit
13%
times
13%
wouldn't
13%
and
7%
but
7%
East
7%
green
7%
Green
7%
grew
7%
make
7%
need
7%
seen
7%
them
7%
to
7%
twinkle
7%
VVS
7%
wanna
7%
whacked
7%
assistance
0%
beeline
0%
Big
0%
call
0%
Card
0%
done
0%
ex
0%
girl
0%
hater
0%
House
0%
old
0%
phone
0%
rollin'
0%
Sprinkle
0%
stones
0%
strap
0%
'til
0%
tips
0%
Waffle
0%
wrinkle
0%

Score Distribution

Percentile by Number Answered

Percent of People with Each Score

Your Score History

You have not taken this quiz